Welcome to WEB OPAC of MRSPTU Central Library

F. Engels Marks De Sarmya Barre (ਏਂਗਲਜ਼ ਮਾਰਕਸ ਦੇ ਸਰਮਾਇਆ ਬਾਰੇ) (Record no. 10004)

MARC details
000 -LEADER
fixed length control field 00457nam a22001577a 4500
003 - CONTROL NUMBER IDENTIFIER
control field OSt
005 - DATE AND TIME OF LATEST TRANSACTION
control field 20240405161157.0
008 - FIXED-LENGTH DATA ELEMENTS--GENERAL INFORMATION
fixed length control field 240405b |||||||| |||| 00| 0 eng d
040 ## - CATALOGING SOURCE
Transcribing agency Central Library MRSPTU
100 ## - MAIN ENTRY--PERSONAL NAME
Personal name F. Engels
245 ## - TITLE STATEMENT
Title F. Engels Marks De Sarmya Barre (ਏਂਗਲਜ਼ ਮਾਰਕਸ ਦੇ ਸਰਮਾਇਆ ਬਾਰੇ)
250 ## - EDITION STATEMENT
Edition statement 1st
260 ## - PUBLICATION, DISTRIBUTION, ETC.
Place of publication, distribution, etc. Masko
Name of publisher, distributor, etc. Pragati Parkashan Meerut
300 ## - PHYSICAL DESCRIPTION
Extent 150
942 ## - ADDED ENTRY ELEMENTS (KOHA)
Source of classification or shelving scheme Dewey Decimal Classification
Koha item type Book
Suppress in OPAC No
Holdings
Withdrawn status Lost status Source of classification or shelving scheme Damaged status Not for loan Collection Home library Current library Date acquired Total checkouts Barcode Date last seen Price effective from Koha item type
    Dewey Decimal Classification     BK MRSPTU Central Library MRSPTU Central Library 04/05/2024   G-171 04/05/2024 04/05/2024 Book

Website Designed and Developed by MRSPTU Central Library Team

E-mail Id: librarian@mrsptu.ac.in